Loomian Legacy types - Statistics

General Stats
  • This quiz has been taken 32 times
  • The average score is 14 of 17
Answer Stats
Answer % Correct
Fire
100%
Water
100%
Dark
95%
Light
91%
Ancient
86%
Earth
86%
Plant
86%
Brawler
82%
Spirit
82%
Air
77%
Metal
77%
Bug
73%
Electric
68%
Ice
68%
Mind
68%
Toxic
64%
Typeless
64%
No matching quizzes found
Score Distribution
Percent of People with Each Score
Percentile by Number Answered
Your Score History
You have not taken this quiz